La Manera en que fuimos : (Record no. 13234)
[ view plain ]
| 000 -CABECERA | |
|---|---|
| campo de control de longitud fija | 01215nam a2200313 4500 |
| 003 - IDENTIFICADOR DEL NÚMERO DE CONTROL | |
| campo de control | OSt |
| 005 - FECHA Y HORA DE LA ÚLTIMA TRANSACCIÓN | |
| campo de control | 20260530115309.0 |
| 008 - DATOS DE LONGITUD FIJA--INFORMACIÓN GENERAL | |
| campo de control de longitud fija | 260418b1989 mx ||||| |||| 00| 0 spa d |
| 020 ## - NÚMERO INTERNACIONAL ESTÁNDAR DEL LIBRO | |
| Número Internacional Estándar del Libro | 9686140417 |
| 040 ## - FUENTE DE LA CATALOGACIÓN | |
| Centro catalogador/agencia de origen | ICI |
| Lengua de catalogación | spa |
| Centro/agencia transcriptor | ICI |
| 041 ## - CÓDIGO DE LENGUA | |
| Código de lengua del texto/banda sonora o título independiente | spa |
| Código de lengua del material acompañante/anejo si no son libretos | spa |
| 050 ## - SIGNATURA TOPOGRÁFICA DE LA BIBLIOTECA DEL CONGRESO | |
| Número de clasificación | F1331 |
| Número de documento/Ítem | P75 |
| 100 1# - ENTRADA PRINCIPAL--NOMBRE DE PERSONA | |
| Nombre de persona | Priego Ramírez Patricia, A. Rodríguez José |
| 9 (RLIN) | 32473 |
| 240 ## - TÍTULO UNIFORME | |
| Título uniforme | La manera en que fuimos : |
| Lenguaje de la obra | spa |
| 245 10 - MENCIÓN DE TÍTULO | |
| Título | La Manera en que fuimos : |
| Resto del título | Fotografía y Sociedad en Qro. 1840-1930 / |
| Mención de responsabilidad, etc. | Patricia Priego Ramirez, Jose Antonio Rodriguez |
| 260 ## - PUBLICACIÓN, DISTRIBUCIÓN, ETC. | |
| Lugar de publicación, distribución, etc. | Queretaro, Qro. |
| Nombre del editor, distribuidor, etc. | obierno del Estado de Queretaro |
| Fecha de publicación, distribución, etc. | 1989 |
| 264 #1 - PRODUCCIÓN, PUBLICACIÓN, DISTRIBUCIÓN, FABRICACIÓN Y COPYRIGHT | |
| Nombre del de productor, editor, distribuidor, fabricante | Gobierno del Edo de Querétaro |
| Fecha de producción, publicación, distribución, fabricación o copyright | 1989 |
| Producción, publicación, distribución, fabricación y copyright | Queretaro, Qro. |
| 300 ## - DESCRIPCIÓN FÍSICA | |
| Extensión | 200 páginas |
| Otras características físicas | ilustraciones |
| 336 ## - TIPO DE CONTENIDO | |
| Término de tipo de contenido | texto |
| Fuente | rdacontent |
| 337 ## - TIPO DE MEDIO | |
| Nombre/término del tipo de medio | sin medio |
| Fuente | rdamedia |
| 338 ## - TIPO DE SOPORTE | |
| Nombre/término del tipo de soporte | volumen |
| Fuente | rdacarrier |
| 490 ## - MENCIÓN DE SERIE | |
| Mención de serie | Coleccion fotografia queretana |
| 650 ## - PUNTO DE ACCESO ADICIONAL DE MATERIA--TÉRMINO DE MATERIA | |
| Término de materia o nombre geográfico como elemento de entrada | Fotografía |
| Subdivisión general | Historia |
| Subdivisión geográfica | Queretaro |
| 9 (RLIN) | 32474 |
| 651 ## - PUNTO DE ACCESO ADICIONAL DE MATERIA--NOMBRE GEOGRÁFICO | |
| Nombre geográfico | Querétaro (Estado) |
| Subdivisión general | Vida social y costumbres |
| 9 (RLIN) | 32475 |
| 651 ## - PUNTO DE ACCESO ADICIONAL DE MATERIA--NOMBRE GEOGRÁFICO | |
| Nombre geográfico | Querétaro (Estado) |
| Subdivisión de forma | Obras ilustradas |
| Subdivisión general | Vida social y costumbres |
| 9 (RLIN) | 32476 |
| 700 ## - PUNTO DE ACCESO ADICIONAL--NOMBRE DE PERSONA | |
| Nombre de persona | Rodriguez, Jose Antonio |
| Término indicativo de función/relación | autor |
| 9 (RLIN) | 2455 |
| 710 ## - PUNTO DE ACCESO ADICIONAL--NOMBRE DE ENTIDAD CORPORATIVA | |
| Nombre de entidad corporativa o nombre de jurisdicción como elemento de entrada | Queretaro. |
| Unidad subordinada | Direccion de Patrimonio Cultural |
| 9 (RLIN) | 32477 |
| 942 ## - ELEMENTOS DE PUNTO DE ACCESO ADICIONAL (KOHA) | |
| Fuente del sistema de clasificación o colocación | Dewey Decimal Classification |
| Tipo de ítem Koha | |
No items available.